Регионална библиотека "Любен Каравелов" - Русе

Вратата на времето (Запис номер 152004)

MARC детайли
000 -Лидер
Контролно поле с фиксирана дължина 01802nam a2200409 c 4500
003 - Код на организацията, давaща контролен номер
Контролно поле BLK
005 - Дата и час на последна редакция
Контролно поле 20250715151152.0
008 - Елементи от данни с фиксирана дължина
fixed length control field 180410b bul|||||r ||||||| ||bul||
010 ## - Наследен системен номер
LC control number KNG00158447000
020 ## - Международен стандартен номер на книга ISBN
Международен стандартен номер на книга ISBN 978-954-27-0971-8
-- издат.: Егмонт България
040 ## - Източник на каталожния запис
Идентификатор на билиотеката - собственик на записа BLK
041 ## - Код за език
Код за езика на текст/звукозапис или на отделно заглавие Български
Код за езика КДБФ Български
072 #7 - Код за тематичната категория
Код организация bullib
Код за тематична категория Н85
Текст Детска художествена литература Н
080 ## - УДК
Текстов определител УДК Италианска литература
УДК код - определител по УДК 821.131.1
УДК определител -93-312.9
УДК - код + определител 821.131.1-93-312.9
139 ## - Редно поле
Редна дума Бакаларио, Пиердоменико
Авторски знак Бак - Б 16
245 10 - Сведения за заглавието
Заглавие Вратата на времето
Редно поле (дума) text by Pierdomenico Baccalario; * Пиердоменико Бакаларио; прев. от итал. Весела Лулова Цалова; ill. by Iacopo Bruno.
257 ## - Страна на издаване
Страна на създаване/издаване Италия
260 ## - Област на издателските данни
-- София
Име на издателя, разпространителя и проч. Егмонт България
Година на издаване 2013
Печатница Добрич : Фолиарт
300 ## - Физическа характеристика
Страници 224 с.
Илюстрации и др. с ил.
Размери/Мащаб 21 см
380 ## - Жанр
Жанр Детска худож. лит.
490 1# - СЕРИИ (Колекции)
Име на серия Юлисес Мур
№: серия Тетр. 1
500 ## - Общи забележки
Забележка Ориг. загл. La porta del tempo / Pierdomenico Baccalario. - Авт. не е отбелязан на кор.
653 ## - Ключова дума – ненормативна
Ключова дума романи
653 ## - Ключова дума – ненормативна
Ключова дума литература за деца
653 ## - Ключова дума – ненормативна
Ключова дума детска литература
659 ## - Тематичен бюлетин
Тематичен бюлетин Н
700 1# - Други автори (авторска отговорност)
Лично име Baccalario, Pierdomenico
Автороска отговорност (Описва отношението между автора и произведението) text by
9 (RLIN) 4196
700 1# - Други автори (авторска отговорност)
Лично име Бакаларио, Пиердоменико
Автороска отговорност (Описва отношението между автора и произведението) *
9 (RLIN) 35513
700 1# - Други автори (авторска отговорност)
Лично име Цалова, Весела Лулова
Автороска отговорност (Описва отношението между автора и произведението) прев. от итал.
9 (RLIN) 367540
700 1# - Други автори (авторска отговорност)
Лично име Bruno, Iacopo
Автороска отговорност (Описва отношението между автора и произведението) ill. by
9 (RLIN) 330900
852 ## - Местоположение
Форматна сигнатура Цб 268087
856 4# - Електронен адрес и достъп
Електронен формат pdf - файл
Път до файла /url/
856 4# - Електронен адрес и достъп
Електронен формат pdf - файл
Път до файла /url/
942 ## - АРТИКУЛИ
Вид на библиотечния материал Книги
Скрит в OPAC Не
Koha issues (borrowed), all copies 36
944 ## - СЪЗДАВАНЕ И РЕДАКЦИЯ на ЗАПИСА
Създаване/Редакция Създаване
Дата на регистрацията/редакция 24.03.2014
Статус, дата на статуса Русанова Ирена
Служител, извършил регистрацията/редакцията 30542
944 ## - СЪЗДАВАНЕ И РЕДАКЦИЯ на ЗАПИСА
Създаване/Редакция Редакция
Дата на регистрацията/редакция 19.05.2015
Статус, дата на статуса ф /
Служител, извършил регистрацията/редакцията Геновева_Генчева
999 ## - СИСТЕМНИ КОНТРОЛНИ НОМЕРА
Koha biblionumber 152004
Koha biblioitemnumber 152004
Наличности
Код за отписване Код за изгубен артикул Източник на класификационната схема Код за повреда Коз за рестрикции Код за отдаване Артикулен № Име на библиотеката - собственик Име на библиотеката, в която се намира в момента Статус (Текущо местоположение) Дата на вписване в системата Местоположение - отдел Цена в лева Инвентарен номер Систематично азбучна сигнатура Баркод Номер на екземпляра Цена в евро Служебна бележка Служебен тип на артикула
  Не е изгубен Universal Decimal Classification Не е повреден без рестрикции заемане за дома 253826 Регионална библиотека "Любен Каравелов" Русе Регионална библиотека "Любен Каравелов" Русе Детски отдел 2014-03-24 Детски отдел 9.90 120000776005 ДХ 820/899/Б 16 120000776005 1 5.06 Дост: Pk Вид: Ф N: 392 Дата: 21.03.2014 Дата инв: 05.08.2015 Бележки инв: Д2015 Книги
  Не е изгубен   Не е повреден без рестрикции заемане за дома 253827 Регионална библиотека "Любен Каравелов" Русе Регионална библиотека "Любен Каравелов" Русе Детски отдел 2014-06-05 Детски отдел 9.90 120000777891 ДХ 820/899/Б 16 120000777891 2 5.06 Дост: Pk Вид: Ф N: 399 Дата: 03.06.2014 Дата инв: 05.08.2015 Бележки инв: Д2015 Книги
  Не е изгубен   Не е повреден без рестрикции заемане за дома 253828 Регионална библиотека "Любен Каравелов" Русе Регионална библиотека "Любен Каравелов" Русе Детски отдел 2014-06-05 Детски отдел 9.90 120000777892 ДХ 820/899/Б 16 120000777892 3 5.06 Дост: Pk Вид: Ф N: 399 Дата: 03.06.2014 Дата инв: 05.08.2015 Бележки инв: Д2015 Книги
  Не е изгубен   Не е повреден без рестрикции ползва се в читалня 253829 Регионална библиотека "Любен Каравелов" Русе Регионална библиотека "Любен Каравелов" Русе Хранилище 2014-11-12 Хранилище 9.90 120000782228 Цб 268087 120000782228 4 5.06 Дост: Dp Вид: Д N: 8 Дата: 06.02.2014 Книги
Vip Innovations Ltd, Rousse, Bulgaria 2025